000 00957nam a2200277 4500
001 000000081
003 DO-SdBNP
005 20240126115028.0
008 081126s2006 dr ac 000 0 spa d
020 _z9945420054
020 _z9789945420050
040 _aDO-SdBNP
_bspa
_cBPMSU
082 4 _aRD861.44
_bT693c 2006
_222
100 1 _aTorres, Luis Alfredo,
_d1935-1992.
245 1 0 _aCanto a Proserpina /
_cLuis Alfredo Torres.
_b
260 _aSan Francisco de Macorís, República Dominicana :
_bEditoral Nacional ;
_bÁngeles de Fierro,
_c2006.
300 _a53 p. :
_bil., retrs. ;
_c18 cm.
490 0 _aPoesía esencial dominicana del siglo XX
500 _aIncluye datos biográficos del autor.
590 _aInventariado, 2024/VM
600 1 4 _aTorres, Luis Alfredo
_xCrítica e interpretación
650 4 _aPoesía dominicana
650 4 _aLiteratura dominicana.
_ySiglo XX
910 _aVMateo V. Control de calidad. BPMSU
942 _2ddc
_cBK
999 _c14025
_d14025